La Theologie sacramentaire: etude de Theologie positive
Saved in:
| Hovedforfatter: | |
|---|---|
| Format: | Bog |
| Sprog: | fransk |
| Udgivet: |
París
Victor Lecoffre
1910
|
| Udgivelse: | 4a. ed |
| Serier: | Bibliotheque Theologique
|
| Fag: | |
| Tags: |
Tilføj Tag
Ingen Tags, Vær først til at tagge denne postø!
|
MARC
| LEADER | 00000cam a2200000 a 4500 | ||
|---|---|---|---|
| 001 | UCD3342 | ||
| 003 | CL-VaPUC | ||
| 008 | 160603e19100000fr |||||||||||||||||fre|d | ||
| 082 | 0 | 4 | |a 234.16 |b POU |2 21 |
| 100 | 0 | |a Pourrat, P |e author |9 586769 | |
| 245 | 1 | 3 | |a La Theologie sacramentaire: etude de Theologie positive |
| 250 | |a 4a. ed | ||
| 300 | |a 376 p | ||
| 942 | |c BK | ||
| 945 | |d 20160603 11:43:00 |a dcastane | ||
| 260 | |a París |b Victor Lecoffre |c 1910 | ||
| 650 | 7 | |a TEOLOGIA SACRA |2 CL-VaPUC |9 535597 | |
| 583 | |a last modification |c 20160603 11:43:00 |k Rodrigo Vera | ||
| 490 | 0 | |a Bibliotheque Theologique | |
| 999 | |c 364378 |d 364376 | ||
| 952 | |0 0 |1 0 |3 erd |4 0 |6 234_160000000000000_POU_1910 |7 0 |8 X |9 477526 |a BIBTEO |b BIBTEO |c TEO_FFR |i 5234654 |o 234.16 POU 1910 |p 5234654 |r 2023-01-25 |w 2019-11-24 |y BK_X |z Catalogado en:20160603 |k OFM | ||